000
00324 a2200145 4500
001
177630
020
_a
040
_c
Magnum
100
_a
Nicolanna, Darly
240
1
0
_a
Tigrinho e seu criado o macaco
_l
por
245
1
0
_a
Tigrinho e seu criado o macaco
362
0
_a
1899
697
_a
MAGNITO: I/ANIMAIS
942
_c
BK
999
_c
177630
_d
177630